Statistics for In which U.S. states can you own a kangeroo?

Click here to take the quiz!

General Stats

  • This quiz has been taken 9 times
  • The average score is 9 of 13

Answer Stats

Answer% Correct
With permitTexas
100%
With permitWashington
86%
With permitMaine
71%
With permitOhio
71%
With permitPennsylvania
71%
Without permitSouth Carolina
71%
Without permitWest Virginia
71%
With permitIdaho
57%
With permitIllinois
57%
With permitNevada
57%
With permitNew Mexico
57%
With permitNew Jersey
43%
Without permitWisconsin
43%

Score Distribution

Percentile by Number Answered

Percent of People with Each Score

Your Score History

You have not taken this quiz